Database management systems : designing and building business applications (Record no. 6558)
[ view plain ]
| 000 -LEADER | |
|---|---|
| fixed length control field | 00564 a2200193 4500 |
| 020 ## - INTERNATIONAL STANDARD BOOK NUMBER | |
| International Standard Book Number | 0072471417 |
| 040 ## - CATALOGING SOURCE | |
| Original cataloging agency | DLC |
| Language of cataloging | English |
| 082 ## - DEWEY DECIMAL CLASSIFICATION NUMBER | |
| Classification number | 005.74 |
| 100 1# - MAIN ENTRY--PERSONAL NAME | |
| Personal name | Post, Gerald V |
| 245 00 - TITLE STATEMENT | |
| Title | Database management systems : designing and building business applications |
| Statement of responsibility, etc. | Gerald V. Post |
| 250 ## - EDITION STATEMENT | |
| Edition statement | 2nd ed |
| 260 ## - PUBLICATION, DISTRIBUTION, ETC. | |
| Place of publication, distribution, etc. | Boston, Mass. : |
| Name of publisher, distributor, etc. | McGraw-Hill, |
| Date of publication, distribution, etc. | 2002 |
| 300 ## - PHYSICAL DESCRIPTION | |
| Extent | 568 s. : |
| Other physical details | ill. |
| 650 #0 - SUBJECT ADDED ENTRY--TOPICAL TERM | |
| Topical term or geographic name entry element | Database management |
| 650 #0 - SUBJECT ADDED ENTRY--TOPICAL TERM | |
| Topical term or geographic name entry element | Database design |
| 650 #0 - SUBJECT ADDED ENTRY--TOPICAL TERM | |
| Topical term or geographic name entry element | Business |
| General subdivision | Databases |
| 650 #0 - SUBJECT ADDED ENTRY--TOPICAL TERM | |
| Topical term or geographic name entry element | Management information systems |
| 942 ## - ADDED ENTRY ELEMENTS (KOHA) | |
| Koha item type | Book |
| Call number prefix | 005.74 POS |
| Source of classification or shelving scheme | |
| Withdrawn status | Lost status | Damaged status | Not for loan | Collection code | Permanent Location | Current Location | Shelving location | Date acquired | Source of acquisition | Cost, normal purchase price | Full call number | Barcode | Date last seen | Price effective from | Koha item type | Total Checkouts |
|---|---|---|---|---|---|---|---|---|---|---|---|---|---|---|---|---|
| Central Library (CL) | Central Library (CL) | First Floor - Databases | 11/25/2002 | Allied Book Company | 1304.47 | 005.74 POS | SEECS002774 | 11/14/2012 | 01/05/2017 | Book | ||||||
| NUST Baluchistan Campus (NBC) | NUST Baluchistan Campus (NBC) | First Floor - Databases | 04/30/2003 | Allied Book Company | 1359.28 | 005.74 POS | SEECS003383 | 11/14/2012 | 01/05/2017 | Book |
